000 00384nam a22001577a 4500
005 20170330111357.0
008 170330b xxu||||| |||| 00| 0 eng d
020 _a978-81-219-2596-9
041 _aeng
100 _aNARYAN,SHANTI MITTAL, DR. P.K
_93717
245 _aA TEXT BOOK OF MATRICES
260 _bS CHAND
_c1993
300 _a309
650 _aENGINEERING
_93718
942 _cBK
999 _c5348
_d5346